000 00460nam a2200169Ia 4500
003 GCL
008 140319s9999 xx 000 0 ara d
040 _aGCL /
_cGCL
082 0 4 _a922.1
_bص خ
100 1 _aصادق ابراهيم عرجون
245 1 0 _aخالد بن الوليد /
_cصادق ابراهيم عرجون
300 _a350
490 _aكتاب
_v0
650 0 4 _aالاسلام
650 0 4 _aخالد بن الوليد
942 _2ddc
_cBK
999 _c42568
_d42568